01725cam a22003854i 4500003000900000005001700009008004100026035002000067040003300087100004300120245021900163264001000382300002200392336002100414337002500435338002300460502005900483504002400542520058500566526001001151526001001161526000901171526000901180526000901189526000901198526000901207526000901216526000901225526000801234526000801242526000801250526000801258526000801266650006501274PE-LiUPU20250731165429.0160212s2004 pe grm 000 0 spa d a(Sirsi) a156110 aPE-LiUPUbspacPE-LiUPUerda1 aContreras Baca, María Mirellaeautor1 aReacciones que generan en los padres de la familia la aplicación de métodos disciplinarios de los maestros del Nivel Primario de las Escuelas Adventistas Unión y Buen Pastor /María Mirella Contreras Baca. 0c2004. a159 hojas c30 cm atext2rdacontent aunmediated2rdamedia avolume2rdacarrier aTesisb(Lic.) -- cUniversidad Peruana Unión,d2004. aIncluye referencias3 aLos estudios realizados sobre los métodos de disciplina son pocos. El conocimiento de estos métodos induce a la mejora de la educación cristiana. El objetivo principal es describir e identificar los métodos de disciplina que se están usando con mayor frecuencia en las escuelas primarias adventistas Unión y el Buen Pastor, y de esta manera conocer las reacciones de los padres de familia ante los diversos métodos de disciplina que se están usando, e informar y emplear métodos que estén dentro de la filosofía cristiana, puesto que son escuelas cristianas. aSEG44 aSEG26 aP151 aP150 aP149 aP146 aP145 aP126 aP125 aP92 aP75 aP74 aP27 aP1504aDisciplina escolar (Educación secundaria)xPadres e hijos.